00276nam a2200109Ia 4500008004100000041001200041100001800053245006200071260000600133650000600139700002100145221030s9999 xx 000 0 und d aEnglish aR. K. Sharma 0aManagement Accountingcby R. K. Sharma, Shashi, K. Gupta c0 aB aShashi, K. Gupta